000 00379pab a2200169 454500
008 180718b2008 xxu||||| |||| 00| 0 eng d
100 _aSundar, I.
245 _aIntegrated rural access planning
260 _c2008
300 _ap.11-15.
362 _aJun
650 _aRural planning
700 _aSezhian, T.
773 _aSocial Welfare
908 _aN
909 _a79226
999 _c79226
_d79226